AFL Teams - Statistics

General Stats
  • This quiz has been taken 18 times
  • The average score is 16 of 18
Answer Stats
Answer % Correct
Brisbane Lions
100%
Collingwood Magpies
100%
Adelaide Crows
90%
Carlton Blues
90%
Gold Coast Suns
90%
Melbourne Demons
90%
Port Adelaide Power
90%
Richmond Tigers
90%
Saint Kilda Saints
90%
Sydney Swans
90%
West Coast Eagles
90%
Western Bulldogs
90%
Essendon Bombers
80%
Fremantle Dockers
80%
Geelong Cats
80%
Greater Western Sydney Giants
80%
Hawthorn Hawks
80%
North Melbourne Kangaroos
80%
No matching quizzes found
Score Distribution
Percent of People with Each Score
Percentile by Number Answered
Your Score History
You have not taken this quiz